| 000 | 00745nam a22001937a 4500 | ||
|---|---|---|---|
| 999 |
_c189316 _d189316 |
||
| 005 | 20220927161256.0 | ||
| 010 | _aB-745712 | ||
| 020 |
_a9788132106883 _c200.00 |
||
| 037 | _bSAGE Publications of India Pvt. Ltd. | ||
| 082 | _a801 | ||
| 100 | _a Khair, Tabish | ||
| 245 |
_aReading Literature Today: _cTabish Khair _bTwo Complementary Essays and a Conversation/ |
||
| 260 |
_aNew Delhi _bSAGE Publications of India Pvt. Ltd. _c2011 |
||
| 270 |
_aB1/I-1 Mohan Cooperative Industrial Area Mathura Road _bNew Delhi _e110044 |
||
| 300 |
_aix,167p. _c21.5cm(Pb) |
||
| 700 | _a Doubinsky, Sebastien | ||
| 942 |
_2ddc _cEN _h801 _mKHA |
||